000
00211 a2200097 4500
001
4239
100
_a
Wimperis,H.E
245
_a
Internal combustion engine the
260
_a
_b
Constable
_c
090
_c
3456
_d
3456
942
_a
NUST-CAE
_c
M
_c
27291
999
_c
239312
_d
239312